00253nam a2200097Ia 4500008004100000100002400041245002700065260003700092300000800129650001800137190216s9999||||xx |||||||||||||| ||und|| aWilliam Shakespeare 4aThe Merchant Of Venice bUniversity Of London Pressc1964 a315 aEnglish Drama